<?xml version="1.0" encoding="UTF-8"?>
<record
    xmlns:xsi="http://www.w3.org/2001/XMLSchema-instance"
    xsi:schemaLocation="http://www.loc.gov/MARC21/slim http://www.loc.gov/standards/marcxml/schema/MARC21slim.xsd"
    xmlns="http://www.loc.gov/MARC21/slim">

  <leader>02278agaaa2200337   4500</leader>
  <controlfield tag="001">2990</controlfield>
  <controlfield tag="003">IT-RoPAU</controlfield>
  <controlfield tag="005">20220918181226.0</controlfield>
  <controlfield tag="007">d cvaizq</controlfield>
  <controlfield tag="008">50131s9999||||xx ||| |     ||   ||und||</controlfield>
  <datafield tag="040" ind1=" " ind2=" ">
    <subfield code="a">IT-RoPAU</subfield>
    <subfield code="c">IT-RoPAU</subfield>
  </datafield>
  <datafield tag="041" ind1=" " ind2=" ">
    <subfield code="a">ITALIANO</subfield>
  </datafield>
  <datafield tag="100" ind1=" " ind2=" ">
    <subfield code="a">Bergman Ingmar</subfield>
    <subfield code="g">Codice regista SPICS: 9304</subfield>
    <subfield code="9">34076</subfield>
  </datafield>
  <datafield tag="130" ind1=" " ind2=" ">
    <subfield code="a">FANNY &amp; ALEXANDER</subfield>
    <subfield code="9">37983</subfield>
  </datafield>
  <datafield tag="240" ind1=" " ind2=" ">
    <subfield code="a">FANNY OCH ALEXANDER</subfield>
    <subfield code="g">T1752</subfield>
  </datafield>
  <datafield tag="245" ind1=" " ind2=" ">
    <subfield code="a">FANNY &amp; ALEXANDER</subfield>
    <subfield code="c">Prodotto da: Cinematograph Ab -- Sceneggiatura: Ingmar Bergman -- Diretto da: Bergman Ingmar</subfield>
    <subfield code="p">FANNY &amp; ALEXANDER (Rif. Codice opera principale : H2990)</subfield>
  </datafield>
  <datafield tag="246" ind1=" " ind2=" ">
    <subfield code="a">FANNY OCH ALEXANDER</subfield>
  </datafield>
  <datafield tag="250" ind1=" " ind2=" ">
    <subfield code="a">Edizione Standard</subfield>
  </datafield>
  <datafield tag="260" ind1=" " ind2=" ">
    <subfield code="a">(SVEZIA)</subfield>
    <subfield code="b">CINEMATOGRAPH AB - SVENSKA FILMINSTITUTET / Distribuzione: TV SVEDESE</subfield>
    <subfield code="g">"1982 (1&#xB0; ed.: 2003 ; Ed. Lingua Orig.: 1982)"</subfield>
  </datafield>
  <datafield tag="300" ind1=" " ind2=" ">
    <subfield code="a">DVD</subfield>
    <subfield code="b">sonoro, col.</subfield>
    <subfield code="c">188 minuti</subfield>
  </datafield>
  <datafield tag="508" ind1=" " ind2=" ">
    <subfield code="a">"Fotografia: Sven Nykvist; Montaggio: Sylvia Ingermarsson; Musica: Britten Benjamin; Sceneggiatura: Ingmar Bergman; "</subfield>
  </datafield>
  <datafield tag="511" ind1=" " ind2=" ">
    <subfield code="a">"Pernilla; Allwin; Bertil; Guve; Ewa; Froeling; Erland; Josephson; G.; Bjomstrand"</subfield>
  </datafield>
  <datafield tag="520" ind1=" " ind2=" ">
    <subfield code="a">"EDIZIONE SPECIALE IN 2 DVD. FILM A COLORI PER TUTTI, CON SOTTOTITOLI IN ITALIANO PER NON UDENTI. MENU' INTERATTIVO. CONTENUTI EXTRA: INTERVISTA A INGMAR BERGMAN; SCHEDE CRITICHE DI FERNALDO DI GIAMMATTEO; FILMOGRAFIE ESSENZIALI DEL REGISTA E DEGLI ATTORI. OSCAR 1983 PER MIGLIOR FILM STRANIERO; DAVID DI DONATELLO NEL 1984. DISTRIBUITO DA MULTIMEDIA SAN PAOLO. FILM TESTAMENTO DEL REGISTA. TRAMA COMPLESSA: UNA FAMIGLIA PATRIARCALE SI RIUNISCE PER CELEBRARE LA NOTTE DI NATALE: DA QUEL MOMENTO SI DIPANANO LE VICENDE DEI MOLTI PERSONAGGI PRESENTI ALLA SERATA. NASCE UN GRANDE AFFRESCO STORICO-AUTOBIOGRAFICO, UNA SORTA DI BILANCIO GENERALE DELLA VITA E DELL'ARTE DEL GRANDE REGISTA. OMAGGIO DI BERGMAN ALLA VITA, VALUTATA CON ANIMO PIU' SERENO, RISPETTO A TANTI ALTRI SUOI CAPOLAVORI."</subfield>
  </datafield>
  <datafield tag="538" ind1=" " ind2=" ">
    <subfield code="a">PAL, STEREO</subfield>
  </datafield>
  <datafield tag="546" ind1=" " ind2=" ">
    <subfield code="a">ITALIANO</subfield>
  </datafield>
  <datafield tag="650" ind1=" " ind2=" ">
    <subfield code="a">DRAMMATICO</subfield>
    <subfield code="e">FILMS [DVD]</subfield>
    <subfield code="x">Codice MATERIA SPICS: 9960</subfield>
    <subfield code="9">34083</subfield>
  </datafield>
  <datafield tag="700" ind1=" " ind2=" ">
    <subfield code="a">Bergman Ingmar </subfield>
    <subfield code="e">(regista)</subfield>
    <subfield code="g">Codice regista SPICS: 9304</subfield>
    <subfield code="9">34076</subfield>
  </datafield>
  <datafield tag="700" ind1=" " ind2=" ">
    <subfield code="a">Bergman Ingmar </subfield>
    <subfield code="e">(soggetto)</subfield>
    <subfield code="g">Codice Soggetto SPICS: 9304</subfield>
    <subfield code="9">37984</subfield>
  </datafield>
  <datafield tag="700" ind1=" " ind2=" ">
    <subfield code="a">Britten Benjamin</subfield>
    <subfield code="e">(musica)</subfield>
    <subfield code="g">Codice Musica SPICS: 10726</subfield>
    <subfield code="9">37985</subfield>
  </datafield>
  <datafield tag="942" ind1=" " ind2=" ">
    <subfield code="c">DV</subfield>
    <subfield code="2">ddc</subfield>
  </datafield>
  <datafield tag="999" ind1=" " ind2=" ">
    <subfield code="c">104845</subfield>
    <subfield code="d">104845</subfield>
  </datafield>
  <datafield tag="952" ind1=" " ind2=" ">
    <subfield code="0">0</subfield>
    <subfield code="1">0</subfield>
    <subfield code="4">0</subfield>
    <subfield code="6">H_2990_000000000000000</subfield>
    <subfield code="7">1</subfield>
    <subfield code="a">SPICS</subfield>
    <subfield code="b">SPICS</subfield>
    <subfield code="d">2015-01-31</subfield>
    <subfield code="l">0</subfield>
    <subfield code="o">H2990</subfield>
    <subfield code="r">2015-01-31 00:00:00</subfield>
    <subfield code="w">2015-01-31</subfield>
    <subfield code="y">DV</subfield>
    <subfield code="z">Progr. Ins.: 3086 / N.Vol.:2 / Copie: 1 / Pag.:0 / Copia rara: n.d. / date import: 1.2.2015 / By Epidotti, Trombetti, Vaglietti</subfield>
  </datafield>
</record>
